Handbook of preventive and social medicine courses in nursing and allied healthy sciences
Gardado en:
| Autor Principal: | |
|---|---|
| Formato: | Libro |
| Idioma: | inglés |
| Publicado: |
CBS Publishers
2018
|
| Tags: |
Engadir etiqueta
Sen Etiquetas, Sexa o primeiro en etiquetar este rexistro!
|
MARC
| LEADER | 00000nam a22000007a 4500 | ||
|---|---|---|---|
| 008 | 230815b |||||||| |||| 00| 0 eng d | ||
| 020 | |a 9789387086787 | ||
| 100 | |a BEDI, Yash Pal | ||
| 245 | |a Handbook of preventive and social medicine courses in nursing and allied healthy sciences |c /Yash Pal Bedi |g xii, 298p; ill | ||
| 250 | |b 17th | ||
| 260 | |b CBS Publishers |c 2018 |h New Delhi |i 700400 |i 700401 |l RA425.B38 |m Medical, Preventive- Handbooks, manuals, e.t.c |m Social medicine - Handbooks, manual, e.t.c. | ||
| 500 | |a it includes index | ||
| 942 | |a lcc |c BK |e Johnson |f 15/08/23 | ||
| 952 | |0 0 |1 0 |2 lcc |4 0 |6 RA0425 B38 |7 0 |9 4378 |a HE |b HOL |c QZ |d 2023-08-15 |l 0 |o RA425.B38 |p 2023-0303 |r 2023-08-15 00:00:00 |t 700400 |w 2023-08-15 |y BK | ||
| 952 | |0 0 |1 0 |2 lcc |4 0 |6 RA0425 B38 |7 0 |9 4379 |a RF |b HOL |c QZ |d 2023-08-15 |l 0 |o RA425.B38 |p 2023-0304 |r 2023-08-15 00:00:00 |t 700401 |w 2023-08-15 |y BK | ||
| 999 | |c 2197 |d 2197 | ||